000 01295cam a22002054a 4500
005 20250605164145.0
008 250528s ||||||||||||||||||||||||d
035 _a19117
020 _a393093093
040 _aGR-AtMCL
_bgre
_dGR-AtMCL
_eAACR2
245 1 _aAmerican Diplomacy / A History
250 _a3rd
260 _bW.W. Norton & Company,
_c1975
300 _a884
520 _aPreface, The Tradition and the Men and the Mechanisms, The American Revolution, The Commerce of a New Nation, Neutrality and Quasi War, The Louisiana Purchase, The War of 1812, Era of Good Feelings, Manifest Destiny, The Northeast and Northwest Boundaries, Expansive Projects, Civil War, The Republic at Peace, The New Manifest Destiny, New Opportunities, The War with Spain, The Far East - 1899-1921, Colossus of the North, World Power, Nutrality - 1914-1917, War and Peace, The Twenties, The Great Depression, To Pearl Harbor - 1939-1941, The Second World War, Europe - 1945-1950, Europe in Recent Years, The Two Chinas, Japan and the Korean War and Southeast Asia, The Middle East and Africa, Good Neighbor in Latin America, Vietnam, The Diplomatic Revolution: The New Weapons and Diplomacy, Prospect, Index.
700 1 _aFerrell Robert H
_95363
942 _cBK
999 _c4396
_d4396